Quantum Computation and Quantum Information
| Autor principal: | |
|---|---|
| Format: | Desconegut |
| Publicat: |
CUP
2011
|
| LEADER | 00208 a2200085 4500 | ||
|---|---|---|---|
| 020 | |a 9781107002173 | ||
| 100 | |a M.A. Nielsen, Chuang | ||
| 245 | |a Quantum Computation and Quantum Information | ||
| 260 | |b CUP |c 2011 | ||
| 999 | |c 41878 |d 41878 | ||